Statistics for European Cities Beginning With "A" Map Quiz

Click here to take the quiz!

General Stats

  • This quiz has been taken 3,787 times
    (3,753 since last reset)
  • The average score is 10 of 14

Answers on the Map

Answers color-coded by a green-red scale on the quiz's map according to % correct below.
 

Answer Stats

Answer% Correct
Aberdeen
93%
Amsterdam
92%
Athens
92%
Antwerp
90%
Aarhus
83%
Augsburg
82%
Alicante
79%
A Coruña
71%
Avignon
67%
Aalborg
61%
Aix-en-Provence
59%
Almería
51%
Angers
49%
Amiens
48%

Score Distribution

Percentile by Number Answered

Percent of People with Each Score

Your Score History

You have not taken this quiz since the last reset